Prénoms masculins les plus populaires par T - Statistiques

Statistiques générales
  • Ce quiz a été pris 1 118 fois
  • Le résultat moyen est 4 sur 8
Statistiques - réponses
Hint Réponse % Correct
3ème Théo
87%
2ème Thomas
86%
6ème Tom
76%
1er Thierry
59%
8ème Tristan
48%
5ème Thibault
45%
4ème Tony
25%
7ème Thibaut
16%
Aucun quiz correspondant
Distribution des résultats
% des personnes avec chaque résultat
Percentile par nombre de réponses
Votre historique - résultats
Vous n’avez pas pris ce quiz